Gaming Quiz

Random Gaming or Food Quiz

Games by Cupcake II Quiz Stats

 Plays Quiz Updated May 17, 2018

Score 0/30 Timer 08:00
0 Plays Today
Game % Correct
Guitar Hero
86.5%
Jacks
73%
Mousetrap
70.2%
Aggravation
62%
Mortal Kombat
58.6%
Space Invaders
57.5%
Cluedo
57%
Trivial Pursuit
55.8%
Sorry!
51.4%
Twister
44%
Mahjong
43.3%
Asteroids
40.8%
Quarters
35.4%
Risk
32.6%
World of Warcraft
31.3%
Game % Correct
Cribbage
28.5%
Dig Dug
25.5%
Galaga
24.3%
Quake
23.8%
Q*bert
23.1%
Parcheesi
20%
Joust
13.9%
Stratego
13.6%
Missile Command
11%
The Settlers of Catan
6.9%
Defender
6.8%
Tempest
4.6%
Combat
3.7%
Moon Patrol
3.4%
Berzerk
3%

You're not logged in!

Compare scores with friends on all Sporcle quizzes.
OR
Log In

You Might Also Like...

Show Comments

Extras

Top Quizzes Today


Score Distribution

Your Account Isn't Verified!

In order to create a playlist on Sporcle, you need to verify the email address you used during registration. Go to your Sporcle Settings to finish the process.

Report this User

Report this user for behavior that violates our Community Guidelines.

Details: